000 01447nam a2200133Ia 4500
008 220620s9999||||xx |||||||||||||| ||und||
020 _a9783040000000
245 2 _aA Systems Approach for River and River Basin Restoration
546 _aEnglish[eng]
650 _aRiver thermal pollution||Mechanistic model||Urban hydrology||Riparian shading||Heat balance||functional indicators||stream restoration||riparian vegetation||fencing||cotton tensile-strength loss||wood decay||ecosystem metabolism||organic matter transport||catchment restoration||structure-function relationships||total water pollutant control||pollutant load allocation||equity and efficiency||regional and site-specific scale||environmental Gini coefficient models||Delphi-analytic hierarchy process models||water quality in streams||self-purification||nitrates||phosphates||hyporheic zone||hyporheic exchange||evapotranspiration||groundwater modeling||environmental flow component||Ethiopia||holistic environmental flow assessment||hydrological foundation||indicators of hydrologic alteration software||Lake Tana||boulder spacing||submergence ratio||near-bed shear stress||Reynolds shear stress||turbulent events||river engineering||meander bend||CFD simulation||hydraulic complexity||flood mapping||uncertainty||Bayesian inference||rating curve||watershed||systems||restoration
700 _aEndreny, Theodore
856 _uhttps://mdpi.com/books/pdfview/book/3771
942 _cEB
999 _c30763
_d30763